[Event "WMU Fall Open"]
[Site "Kalamazoo, Mich."]
[Date "1984.11.11"]
[Round "5"]
[White "Moody, David"]
[Black "Smith, Walter"]
[Result "0-1"]
[WhiteElo "1956"]
[BlackElo "1958"]
[PlyCount "40"]
[EventDate "1984.11.10"]

1. e4 c5 2. Nf3 d6 3. d4 cxd4 4. Nxd4 Nf6 5. Nc3 g6 6. Be3 Bg7 7. f3 Nc6 8. Qd2
Bd7 9. O-O-O Rc8 10. Bh6 Nxe4 11. Nxe4 Bxd4 12. Bb5 Qb6 13. Nxd6+ exd6 14.
Rhe1+ Kd8 15. Bg5+ f6 16. Bxf6+ Bxf6 17. Qxd6 Bg5+ 18. f4 Qc7 19. Qe6 Qxf4+ 20.
Kb1 Qc1+ 0-1

[Event "WMU Fall Open"]
[Site "Kalamazoo, Mich."]
[Date "1984.11.11"]
[Round "4"]
[White "Moody, David"]
[Black "Nolan, Norman"]
[Result "1-0"]
[WhiteElo "1956"]
[BlackElo "1464"]
[PlyCount "47"]
[EventDate "1984.11.10"]

1. e4 e5 2. Nf3 Nc6 3. d4 exd4 4. Bc4 d6 5. Nxd4 Ne5 6. Bb3 Nf6 7. Bg5 Be7 8.
Nc3 h6 9. Bh4 g5 10. Bg3 Bd7 11. O-O c6 12. f4 Nfg4 13. fxe5 Ne3 14. Qh5 Qb6
15. Rxf7 O-O-O 16. Ne6 Be8 17. Na4 Qb5 18. Nxd8 Bxd8 19. Qf3 Bb6 20. Nxb6+ Qxb6
21. Bf2 Bxf7 22. Bxe3 Qd8 23. Qxf7 dxe5 24. Bxa7 1-0

[Event "Odd Squad Quad"]
[Site "Lake Orion, Mich."]
[Date "1984.12.23"]
[Round "3"]
[White "Moody, David"]
[Black "Kulbacki, Jim"]
[Result "0-1"]
[WhiteElo "1956"]
[BlackElo "1976"]
[PlyCount "84"]
[EventDate "1984.12.23"]

1. Nf3 d5 2. c4 c6 3. b3 Nf6 4. Bb2 Bf5 5. g3 e6 6. Bg2 Be7 7. O-O h6 8. d3 O-O
9. Nbd2 Nbd7 10. Qe1 Bh7 11. Ne5 Nxe5 12. Bxe5 Nd7 13. Bb2 Bf6 14. Bxf6 Nxf6
15. Nf3 Qc7 16. Qc3 Rac8 17. Rfc1 Qb8 18. Ne5 Rfd8 19. Rab1 d4 20. Qa5 b6 21.
Nxc6 Rxc6 22. Qa3 Rcd6 23. b4 e5 24. c5 R6d7 25. c6 Rc7 26. b5 Nd5 27. Qb3 Nc3
28. Rb2 Bf5 29. a4 Be6 30. Qa3 Qc8 31. a5 Bd5 32. e4 Be6 33. f4 exf4 34. gxf4
f5 35. e5 Nd5 36. Bxd5 Bxd5 37. axb6 axb6 38. Qd6 Rxd6 39. exd6 Rd7 40. cxd7
Qxc1+ 41. Kf2 Qxb2+ 42. Ke1 Qa1+ 0-1

[Event "Odd Squad Quad"]
[Site "Lake Orion, Mich."]
[Date "1984.12.23"]
[Round "1"]
[White "Jackson, James"]
[Black "Moody, David"]
[Result "1-0"]
[WhiteElo "1820"]
[BlackElo "1956"]
[PlyCount "43"]
[EventDate "1984.12.23"]

1. d4 Nf6 2. c4 g6 3. Nc3 Bg7 4. Nf3 d6 5. e4 O-O 6. Be2 c5 7. d5 e6 8. O-O
exd5 9. exd5 Bf5 10. Bd3 Bg4 11. h3 Bxf3 12. Qxf3 Nfd7 13. Bf4 Ne5 14. Qg3 Nbd7
15. Rad1 a6 16. Ne4 f5 17. Ng5 Nf6 18. Ne6 Nh5 19. Qe3 Qh4 20. Bg5 Nxc4 21.
Bxh4 Nxe3 22. fxe3 1-0

[Event "Odd Squad Quad"]
[Site "Lake Orion, Mich."]
[Date "1984.12.23"]
[Round "2"]
[White "Bautista, Lester"]
[Black "Moody, David"]
[Result "0-1"]
[WhiteElo "1878"]
[BlackElo "1956"]
[PlyCount "62"]
[EventDate "1984.12.23"]

1. d4 Nf6 2. c4 g6 3. Nc3 Bg7 4. e4 d6 5. f3 O-O 6. Be3 Nbd7 7. Qd2 e5 8. Nge2
b6 9. O-O-O a5 10. h4 Ba6 11. Ng3 Qe7 12. h5 exd4 13. Bxd4 Ne5 14. hxg6 fxg6
15. b3 a4 16. Nxa4 Bxc4 17. f4 Bxf1 18. fxe5 dxe5 19. Rhxf1 exd4 20. Qxd4 Qa3+
21. Kb1 b5 22. Nc3 b4 23. Na4 Rxa4 24. bxa4 Qxg3 25. e5 Ng4 26. Rxf8+ Bxf8 27.
Rf1 Ne3 28. Rf3 Qe1+ 29. Kb2 Qe2+ 30. Kb1 Qc2+ 31. Ka1 Qc1# 0-1

[Event "Westland (MEX/1)"]
[Site "?"]
[Date "1985.??.??"]
[Round "?"]
[White "Yoder, R.."]
[Black "Thompson, Dexter"]
[Result "1-0"]
[WhiteElo "2075"]
[BlackElo "2260"]
[PlyCount "115"]
[EventDate "1985.??.??"]

1. d4 d5 2. Nf3 c6 3. c3 g6 4. Bf4 Bg7 5. e3 Nf6 6. h3 Qb6 7. Qb3 Nbd7 8. Nbd2
O-O 9. Bd3 Re8 10. O-O Nh5 11. Bh2 e5 12. dxe5 Nxe5 13. Nxe5 Bxe5 14. Bxe5 Rxe5
15. Qxb6 axb6 16. Nf3 Re7 17. a3 f5 18. c4 Be6 19. Rac1 Kg7 20. Nd4 dxc4 21.
Nxe6+ Rxe6 22. Bxc4 Rd6 23. Rfd1 Rad8 24. Be2 Nf6 25. a4 Ne4 26. Rxd6 Rxd6 27.
Rd1 Rxd1+ 28. Bxd1 Kf6 29. Kf1 Ke6 30. f3 Nf6 31. Bb3+ Kd6 32. Bc4 Kc5 33. b3
Nd5 34. Ke2 g5 35. g4 Ne7 36. gxf5 Nxf5 37. Bd3 Ne7 38. Bxh7 Kb4 39. f4 gxf4
40. exf4 Nd5 41. f5 Nf6 42. Bg6 Kxb3 43. h4 c5 44. Kd2 Kb2 45. Bf7 Ne4+ 46. Kd3
Nd6 47. Be6 Ne8 48. h5 Nf6 49. h6 Ka3 50. Bg8 Nxg8 51. h7 Nh6 52. h8=Q Nxf5 53.
Qa1+ Kb4 54. Qb2+ Kxa4 55. Qxb6 Nd4 56. Qxc5 Nb3 57. Qc4+ Ka3 58. Kc3 1-0

[Event "Westland (MEX/3)"]
[Site "?"]
[Date "1985.??.??"]
[Round "?"]
[White "Yoder, R.."]
[Black "Karklins, A.."]
[Result "0-1"]
[WhiteElo "2075"]
[BlackElo "2340"]
[PlyCount "50"]
[EventDate "1985.??.??"]

1. d4 Nf6 2. Nf3 b6 3. Bf4 Bb7 4. Nbd2 e6 5. e3 Be7 6. Bd3 Nh5 7. Qe2 c5 8. Bg3
Nxg3 9. hxg3 h6 10. c3 Nc6 11. O-O-O d5 12. Kb1 c4 13. Bc2 b5 14. Ne5 Nxe5 15.
dxe5 Qb6 16. a3 a5 17. Ka2 b4 18. Ba4+ Bc6 19. Bxc6+ Qxc6 20. Nb1 Rb8 21. Rd2
Qb5 22. Qd1 O-O 23. g4 f6 24. f4 fxe5 25. g5 bxa3 0-1

[Event "Westland (MEX/4)"]
[Site "?"]
[Date "1985.??.??"]
[Round "?"]
[White "Yoder, R.."]
[Black "Hahn, David"]
[Result "1/2-1/2"]
[WhiteElo "2075"]
[BlackElo "2125"]
[PlyCount "51"]
[EventDate "1985.??.??"]

1. d4 g6 2. Nf3 Bg7 3. Nc3 d6 4. e4 Nf6 5. Bc4 O-O 6. O-O Nxe4 7. Nxe4 d5 8.
Bxd5 Qxd5 9. Nc3 Qh5 10. Ne5 Qf5 11. Nd5 Qe4 12. Nxc7 Bf5 13. Re1 Qxc2 14. Qxc2
Bxc2 15. Nxa8 Na6 16. Nb6 axb6 17. Be3 Rd8 18. Rac1 Bf5 19. a3 f6 20. Nf3 Rd5
21. b4 b5 22. h3 Kf7 23. Bf4 Bd7 24. Be3 Rd6 25. Red1 Bc6 26. Ne1 1/2-1/2

[Event "East Detroit (MCO/5/36)"]
[Site "?"]
[Date "1985.??.??"]
[Round "?"]
[White "Yee, T.."]
[Black "Nowicki, B.."]
[Result "1-0"]
[WhiteElo "1605"]
[BlackElo "1605"]
[PlyCount "73"]
[EventDate "1985.??.??"]

{5/(36)} 1. d4 d5 2. Nc3 Nf6 3. Bf4 c6 4. h3 g6 5. e3 Bg7 6. Bd3 O-O 7. Qf3
Nbd7 8. Nge2 Nh5 9. g4 Nxf4 10. exf4 Qb6 11. Rb1 Bxd4 12. Nxd4 Qxd4 13. O-O e5
14. fxe5 Nxe5 15. Qg3 Nxd3 16. cxd3 f5 17. Ne2 Qf6 18. g5 Qf7 19. Nf4 d4 20. b3
c5 21. h4 b6 22. Rfe1 Re8 23. Re2 Rxe2 24. Nxe2 Bb7 25. Nf4 Re8 26. Kh2 Ba8 27.
Rf1 Qb7 28. h5 Kg7 29. Rg1 Qf3 30. Qh4 gxh5 31. Nxh5+ Kh8 32. Nf4 Rg8 33. g6
Qb7 34. g7+ Qxg7 35. Rxg7 Rxg7 36. Qf6 Kg8 37. Ne6 $138 1-0

[Event "East Detroit (MCO/3/41)"]
[Site "?"]
[Date "1985.??.??"]
[Round "?"]
[White "Yee, T.."]
[Black "Morneau, F.."]
[Result "0-1"]
[WhiteElo "1605"]
[BlackElo "1660"]
[PlyCount "98"]
[EventDate "1985.??.??"]

{3/(41)} 1. d4 Nf6 2. Nc3 d5 3. Bf4 Bf5 4. Nf3 e6 5. a3 c5 6. e3 Nc6 7. Bb5 Rc8
8. Ne5 a6 9. Bxc6+ bxc6 10. O-O cxd4 11. exd4 c5 12. Ne2 Bd6 13. c3 O-O 14. Bg5
h6 15. Bh4 g5 16. Bg3 Ne4 17. f4 f6 18. Nf3 Nxg3 19. Nxg3 Bxf4 20. Nxf5 exf5
21. dxc5 Be3+ 22. Kh1 Bxc5 23. Nd4 Bxd4 24. cxd4 f4 25. Qh5 Kg7 26. Rad1 Re8
27. h4 Qe7 28. Qg4 Qe2 29. Qd7+ Kg6 30. b4 f3 31. gxf3 Rc2 32. Qh3 Re3 33. h5+
Kg7 34. Rc1 Rxc1 35. Rxc1 Qxf3+ 36. Qg2 Rxa3 37. Rc7+ Kf8 38. Rc8+ Ke7 39. Rc7+
Ke6 40. Rc6+ Kf5 41. Rc2 Ra1+ 42. Kh2 Qxh5+ 43. Kg3 Qg4+ 44. Kf2 Qf4+ 45. Ke2
Qe4+ 46. Qxe4+ Kxe4 47. Rc6 f5 48. Rxh6 Kxd4 49. Rh3 Kc4 0-1

[Event "East Lansing (MI Op/6/9)"]
[Site "?"]
[Date "1985.??.??"]
[Round "?"]
[White "Yahkind, Alex"]
[Black "Huttar, C.."]
[Result "0-1"]
[WhiteElo "2115"]
[BlackElo "1825"]
[PlyCount "68"]
[EventDate "1985.??.??"]

{6/(9)} 1. e4 e5 2. Nf3 Nc6 3. d4 exd4 4. Nxd4 Bc5 5. Nb3 Bb6 6. a4 a6 7. Nc3
Nf6 8. Bg5 d6 9. Be2 Be6 10. O-O Qe7 11. a5 Ba7 12. Nd5 Bxd5 13. exd5 Ne5 14.
Nd4 Qd7 15. Re1 O-O 16. Bxf6 gxf6 17. f4 Ng6 18. Kh1 f5 19. Rf1 Rfe8 20. c3
Bxd4 21. cxd4 Re4 22. Qd2 Rae8 23. Bc4 Qe7 24. g3 Qf6 25. Rad1 h5 26. Rf2 h4
27. b4 Qh8 28. Kg2 Qh5 29. Qd3 Re3 30. Qf1 hxg3 31. hxg3 Qg4 32. Kh1 Rxg3 33.
Rh2 Nxf4 34. Re1 Rxe1 0-1

[Event "East Lansing (MI Op/1b/9)"]
[Site "?"]
[Date "1985.??.??"]
[Round "?"]
[White "Yahkind, Alex"]
[Black "Harrold, Alvin"]
[Result "1-0"]
[WhiteElo "2115"]
[BlackElo "1830"]
[PlyCount "89"]
[EventDate "1985.??.??"]

1. e4 e6 2. d4 d5 3. exd5 exd5 4. Nf3 Nf6 5. Bg5 Be7 6. Be2 Bf5 7. O-O h6 8.
Bh4 O-O 9. Ne5 Nbd7 10. Nd2 c5 11. Nxd7 Qxd7 12. dxc5 g5 13. Bg3 Bxc5 14. Nb3
Bb6 15. Kh1 Ne4 16. a4 a6 17. a5 Ba7 18. c3 Bg6 19. f3 Nxg3+ 20. hxg3 Rae8 21.
Bd3 Bxd3 22. Qxd3 Re3 23. Qd2 Rfe8 24. Rfe1 f5 25. Nd4 f4 26. g4 Bxd4 27. cxd4
Qe7 28. Rec1 Qf7 29. Rc5 h5 30. Rac1 hxg4 31. fxg4 Qh7+ 32. Kg1 Re2 33. Qc3 Qh4
34. Qh3 Re1+ 35. Rxe1 Rxe1+ 36. Kh2 Qg3+ 37. Qxg3 fxg3+ 38. Kxg3 Re3+ 39. Kf2
Rb3 40. Rxd5 Rxb2+ 41. Kf3 Rb5 42. Rxb5 axb5 43. Ke4 b4 44. Kd3 Kf7 45. Kc4 1-0

[Event "East Lansing (MI Op/4/10)"]
[Site "?"]
[Date "1985.??.??"]
[Round "?"]
[White "Yahkind, Alex"]
[Black "Baudry, Pascal"]
[Result "1/2-1/2"]
[WhiteElo "2115"]
[BlackElo "2030"]
[PlyCount "126"]
[EventDate "1985.??.??"]

{4/(10)} 1. e4 e5 2. Nf3 Nc6 3. d4 exd4 4. Nxd4 Bc5 5. Nb3 Bb6 6. a4 Qh4 7. Qe2
Nf6 8. a5 Nd4 9. Nxd4 Bxd4 10. c3 Be5 11. Nd2 d5 12. Nf3 Qh5 13. exd5 O-O 14.
Nxe5 Re8 15. Qxh5 Nxh5 16. f4 f6 17. Be2 g6 18. Bxh5 gxh5 19. O-O fxe5 20. f5
Kg7 21. Ra4 Rf8 22. Rc4 Rf7 23. f6+ Kg6 24. Re4 Bf5 25. Rxe5 Rxf6 26. c4 Raf8
27. c5 h6 28. g3 Bh3 29. Rxf6+ Rxf6 30. Bf4 Rf7 31. Kf2 h4 32. Ke3 hxg3 33.
hxg3 Bg4 34. Kd4 Rd7 35. Re3 h5 36. Kc4 Bh3 37. b4 a6 38. Re5 Bg4 39. c6 bxc6
40. dxc6 Rh7 41. b5 axb5+ 42. Kxb5 Bf5 43. Re3 h4 44. gxh4 Rxh4 45. Bxc7 Bc8
46. Re8 Bh3 47. Bd6 Rd4 48. Bc5 Rd1 49. Re4 Kf5 50. Re3 Bf1+ 51. Kb6 Rb1+ 52.
Ka7 Bg2 53. Bb6 Bxc6 54. Kb8 Ra1 55. Rc3 Bg2 56. Kc7 Ke6 57. Re3+ Kd5 58. Rg3
Be4 59. Be3 Bd3 60. Bd2 Ke4 61. Re3+ Kd4 62. Rh3 Ra2 63. Rh2 Bc4 1/2-1/2

[Event "East Lansing (MI Op/6/1)"]
[Site "?"]
[Date "1985.??.??"]
[Round "?"]
[White "Wygrecki, J.."]
[Black "Thompson, Dexter"]
[Result "1/2-1/2"]
[WhiteElo "2220"]
[BlackElo "2260"]
[PlyCount "61"]
[EventDate "1985.??.??"]

{6/(1)} 1. Nf3 d5 2. c4 dxc4 3. g3 Nf6 4. Bg2 g6 5. O-O Bg7 6. Na3 O-O 7. Nxc4
Nbd7 8. d4 c6 9. b3 Nb6 10. Nfe5 Be6 11. Bb2 Nxc4 12. Nxc4 Qc8 13. Re1 Bh3 14.
Bh1 Rd8 15. Rc1 h5 16. Qc2 Ne8 17. Ne5 Nc7 18. Qc5 Bf6 19. Qa5 Bxe5 20. Qxe5
Nd5 21. Qg5 Qf5 22. Qh6 Nf6 23. f3 Qa5 24. a3 Qb6 25. Qe3 Rd7 26. Rc5 a5 27.
Rb1 Bf5 28. Rxf5 gxf5 29. Qg5+ Kh8 30. Kf1 Nh7 31. Qxf5 1/2-1/2

[Event "East Lansing (MI Op/2/4)"]
[Site "?"]
[Date "1985.??.??"]
[Round "?"]
[White "Wygrecki, J.."]
[Black "Kulbacki, James"]
[Result "1/2-1/2"]
[WhiteElo "2220"]
[BlackElo "2035"]
[PlyCount "55"]
[EventDate "1985.??.??"]

{2/(4)} 1. e4 e6 2. d4 d5 3. Nd2 c5 4. exd5 Qxd5 5. Ngf3 cxd4 6. Bc4 Qd6 7. O-O
Nf6 8. Nb3 Nc6 9. Nbxd4 Nxd4 10. Nxd4 a6 11. a4 Qc7 12. Bd3 Bd6 13. h3 O-O 14.
Bg5 Nd5 15. Re1 b6 16. Re4 Nf4 17. Bxf4 Bxf4 18. Qf3 Bh6 19. Rh4 Bb7 20. Qg4
Kh8 21. Re1 Rad8 22. Re3 Rd5 23. Rg3 f5 24. Qe2 Qe5 25. Nxe6 Qxe2 26. Bxe2 Re8
27. Nd4 f4 28. Rd3 1/2-1/2

[Event "East Lansing (MI Op/7/1)"]
[Site "?"]
[Date "1985.??.??"]
[Round "?"]
[White "Wygrecki, J.."]
[Black "Kitts, Gary"]
[Result "1/2-1/2"]
[WhiteElo "2220"]
[BlackElo "2065"]
[PlyCount "39"]
[EventDate "1985.??.??"]

{7/(1)} 1. e4 g6 2. d4 Bg7 3. f4 c5 4. c3 cxd4 5. cxd4 Qb6 6. Nf3 Nc6 7. e5 Nh6
8. d5 Ng4 9. Qd2 Nd8 10. Nc3 O-O 11. h3 Nh6 12. Qe3 Qxe3+ 13. Bxe3 b6 14. g4
Bb7 15. Bg2 f6 16. O-O Nhf7 17. Bd4 fxe5 18. fxe5 e6 19. Rae1 exd5 20. Nd2
1/2-1/2

[Event "East Lansing (MI Op/4/4)"]
[Site "?"]
[Date "1985.??.??"]
[Round "?"]
[White "Wygrecki, J.."]
[Black "Huttar, C.."]
[Result "1-0"]
[WhiteElo "2220"]
[BlackElo "1825"]
[PlyCount "47"]
[EventDate "1985.??.??"]

{4/(4)} 1. e4 e5 2. f4 exf4 3. Nf3 g5 4. h4 g4 5. Ne5 d5 6. d4 f3 7. gxf3 Be7
8. Bg2 Bxh4+ 9. Kf1 dxe4 10. Rxh4 Qxh4 11. fxe4 f6 12. Nd3 Nc6 13. Nc3 Bd7 14.
Nb5 O-O-O 15. Bf4 Ne5 16. Nxa7+ Kb8 17. dxe5 fxe5 18. Nxe5 Bb5+ 19. Nxb5 Rxd1+
20. Rxd1 Nf6 21. Nf7 Rf8 22. Bxc7+ Ka8 23. Rd3 b6 24. e5+ 1-0

[Event "East Detroit (MCO/1/36)"]
[Site "?"]
[Date "1985.??.??"]
[Round "?"]
[White "Wlodarczyk, P.."]
[Black "Ifill, Don"]
[Result "0-1"]
[WhiteElo "1605"]
[BlackElo "1810"]
[PlyCount "118"]
[EventDate "1985.??.??"]

{1/(36)} 1. e4 g6 2. f4 Bg7 3. Nf3 e6 4. Nc3 Ne7 5. Bc4 a6 6. O-O b5 7. Bb3 Bb7
8. e5 c5 9. a4 Qb6 10. Kh1 b4 11. Ne2 a5 12. c4 Nbc6 13. d4 Nxd4 14. Nfxd4 cxd4
15. Nxd4 d6 16. Be3 O-O 17. Qe1 dxe5 18. c5 Qxc5 19. Nf5 Qc7 20. Rc1 Bxg2+ 21.
Kg1 Qb7 22. Nxe7+ Kh8 23. Rf2 exf4 24. Bxf4 Bh3 25. Rc7 Qb6 26. Be5 f6 27. Rc6
Qa7 28. Bd6 Qd4 29. Bxe6 f5 30. Bd5 Rae8 31. Bc5 Qxd5 32. Rc8 Rxc8 33. Nxd5
Rxc5 34. Nf4 Rfc8 35. Rd2 Rc1 36. Rd1 Bd4+ 37. Kh1 Bxb2 38. Nd3 Rxd1 39. Qxd1
Bg4 40. Qf1 Bc3 41. h3 Bh5 42. Qf4 Re8 43. Qd6 Bf3+ 44. Kg1 Be4 45. Nc5 Bc2 46.
Kf2 b3 47. Qd7 Rg8 48. Ne6 b2 49. Ng5 Be1+ 50. Ke3 f4+ 51. Kd4 Rg7 52. Nf7+
Rxf7 53. Qxf7 Bb4 54. Qf6+ Kg8 55. Qd8+ Bf8 56. Qd5+ Kh8 57. Qf7 Bg7+ 58. Kc5
h5 59. Qxf4 b1=Q 0-1

[Event "East Detroit (MCO/3/32)"]
[Site "?"]
[Date "1985.??.??"]
[Round "?"]
[White "Wlodarczyk, P.."]
[Black "Gaba, H.."]
[Result "0-1"]
[WhiteElo "1605"]
[BlackElo "1800"]
[PlyCount "74"]
[EventDate "1985.??.??"]

{3/(32)} 1. e4 c5 2. Nc3 e6 3. Bc4 a6 4. a4 Nc6 5. Nh3 Nf6 6. f4 d5 7. e5 dxc4
8. exf6 Qxf6 9. O-O Qd4+ 10. Kh1 Be7 11. Qf3 O-O 12. Qe3 Qxe3 13. dxe3 Nb4 14.
Rf2 Nd5 15. Ne2 e5 16. f5 Bh4 17. Rf1 Nb4 18. c3 Nd3 19. Rb1 Bd7 20. a5 Bc6 21.
b4 cxb3 22. Rxb3 Bb5 23. Rf3 Nxc1 24. Nxc1 Rad8 25. c4 Rd1+ 26. Ng1 Bc6 27. Rh3
Rxc1 28. Rxh4 Rd8 29. h3 Rdd1 30. Kh2 Rxg1 31. Rb2 Rge1 32. f6 g6 33. Rd2 Rcd1
34. Rf2 Rxe3 35. Rg4 h5 36. Rg3 Rxg3 37. Kxg3 Rd4 0-1

[Event "East Detroit (MCO/4/40)"]
[Site "?"]
[Date "1985.??.??"]
[Round "?"]
[White "Wlodarczyk, P.."]
[Black "Ball, Ed"]
[Result "0-1"]
[WhiteElo "1605"]
[BlackElo "1605"]
[PlyCount "120"]
[EventDate "1985.??.??"]

{4/(40)} 1. e4 c5 2. Nf3 d6 3. Bc4 Bg4 4. Nc3 Nf6 5. O-O g6 6. Re1 Nc6 7. e5
dxe5 8. d3 Bg7 9. h3 Bxf3 10. Qxf3 Nd4 11. Bb5+ Nd7 12. Qd1 a6 13. Bxd7+ Qxd7
14. Ne4 O-O 15. c3 Ne6 16. Qf3 f5 17. Nd2 b5 18. Nb3 Rfd8 19. Be3 Rac8 20. Rad1
f4 21. Bc1 Qc7 22. g3 fxg3 23. fxg3 Rf8 24. Qd5 Qc6 25. Qg2 Qxg2+ 26. Kxg2 c4
27. dxc4 Rxc4 28. Rd7 Rc7 29. Red1 Rfc8 30. Be3 Rxd7 31. Rxd7 Rc7 32. Nc5 Rxc5
33. Rxe7 Rc6 34. Kf3 Nc5 35. Ra7 e4+ 36. Ke2 Nd3 37. Ra8+ Bf8 38. Bg5 Re6 39.
b3 Ne5 40. Ke3 Nf7 41. Bf4 Kg7 42. Rc8 Bd6 43. c4 bxc4 44. bxc4 Bxf4+ 45. gxf4
Rb6 46. c5 Rb2 47. Kxe4 Rxa2 48. Rc7 Ra3 49. c6 Kf6 50. Rd7 Rc3 51. Rc7 Ke6 52.
Kd4 Rc1 53. h4 h5 54. Rc8 Nh6 55. Ke4 Kd6 56. Rh8 Nf5 57. Ra8 Nxh4 58. f5 gxf5+
59. Kf4 Rc3 60. Rh8 Ng6+ 0-1

[Event "East Lansing (MI Op/2/34)"]
[Site "?"]
[Date "1985.??.??"]
[Round "?"]
[White "Winfield, J.."]
[Black "Turner, Darrell"]
[Result "1-0"]
[WhiteElo "1745"]
[BlackElo "1865"]
[PlyCount "125"]
[EventDate "1985.??.??"]

{2/(34)} 1. c4 c5 2. Nc3 g6 3. Nf3 Bg7 4. g3 Nc6 5. Bg2 e6 6. d3 Nge7 7. Bg5
Qa5 8. Qd2 h6 9. Bf4 d5 10. O-O g5 11. Bd6 Nf5 12. Nb5 Nxd6 13. Qxa5 Nxa5 14.
Nxd6+ Ke7 15. Nxc8+ Raxc8 16. cxd5 exd5 17. Rab1 Nc6 18. Nd2 Rhd8 19. Bh3 Rc7
20. Rfc1 Nd4 21. Kf1 b5 22. e3 Ne6 23. b4 c4 24. d4 Kd6 25. Ke2 Re8 26. Kf1
Rce7 27. Nf3 Nf8 28. Rc3 Nd7 29. Ra3 Nb6 30. Bf5 Rc7 31. Ra5 Kc6 32. h4 gxh4
33. Nxh4 Ra8 34. Bc2 a6 35. Ra3 Kb7 36. Rc3 a5 37. bxa5 Rxa5 38. a4 Nxa4 39.
Bxa4 Rxa4 40. Rxb5+ Kc6 41. Rc5+ Kd7 42. Rxd5+ Ke6 43. Rb5 Bf8 44. Nf3 Bb4 45.
Rc2 c3 46. Ke2 Bd6 47. Rb3 Ra1 48. Rbxc3 Rxc3 49. Rxc3 Ra2+ 50. Kf1 Ra1+ 51.
Kg2 Ra2 52. Rc6 Kd5 53. Rc8 Ra6 54. Rh8 Be7 55. Ne5 Rf6 56. Rh7 Ke6 57. Ng4 Rg6
58. Rxh6 Rxh6 59. Nxh6 Bf8 60. Ng4 Bg7 61. Kf3 Kd5 62. Kf4 Ke6 63. f3 1-0

[Event "East Lansing (MI Op/5/21)"]
[Site "?"]
[Date "1985.??.??"]
[Round "?"]
[White "Winfield, J.."]
[Black "Shields, Phil"]
[Result "1-0"]
[WhiteElo "1745"]
[BlackElo "1960"]
[PlyCount "90"]
[EventDate "1985.??.??"]

{5/(21)} 1. c4 Nf6 2. Nc3 g6 3. g3 Bg7 4. Bg2 O-O 5. Nf3 Nc6 6. d3 e5 7. Bg5 h6
8. Bd2 d6 9. Qc1 Kh7 10. h4 Nh5 11. Qc2 Be6 12. a3 f5 13. Nd5 Qd7 14. O-O-O
Rab8 15. Bc3 b5 16. e3 Ne7 17. Nd2 Nf6 18. Nxe7 Qxe7 19. Bc6 Bd7 20. cxb5 Bxc6
21. bxc6 Qe6 22. Nc4 Rb5 23. Qa4 Qd5 24. Na5 Ng4 25. Rhf1 Nh2 26. Rfe1 Nf3 27.
Re2 Rfb8 28. b4 a6 29. Rc2 Qe6 30. Bb2 d5 31. Nb7 Rb6 32. Na5 Rb5 33. Nb7 Rb6
34. Nc5 Qxc6 35. Qxc6 Rxc6 36. Nd7 Rxc2+ 37. Kxc2 Re8 38. Nc5 Ra8 39. Kb3 c6
40. Ka4 Bf8 41. Rc1 Be7 42. Ne6 a5 43. bxa5 Rb8 44. a6 Rxb2 45. a7 Nd2 1-0

[Event "East Lansing (MI Op/4/27)"]
[Site "?"]
[Date "1985.??.??"]
[Round "?"]
[White "Winfield, J.."]
[Black "Braak, Dairen"]
[Result "1-0"]
[WhiteElo "1745"]
[BlackElo "1870"]
[PlyCount "79"]
[EventDate "1985.??.??"]

{4/(27)} 1. c4 e6 2. Nc3 Nf6 3. g3 b6 4. Bg2 Nc6 5. Nf3 Bb7 6. O-O Be7 7. d4 d5
8. Qa4 O-O 9. cxd5 exd5 10. Rd1 Re8 11. Ne5 Na5 12. b4 Nc4 13. Nxc4 dxc4 14.
Bxb7 Rb8 15. Bc6 Rf8 16. b5 Ng4 17. Qxc4 Bd6 18. Ne4 Kh8 19. Nxd6 Qxd6 20. Bf4
Qg6 21. Bf3 f5 22. d5 Qh5 23. Bxg4 fxg4 24. e3 Rf6 25. Qe4 Re8 26. Qg2 Rf7 27.
Rac1 g5 28. Bxc7 Ref8 29. Be5+ Kg8 30. d6 Rf3 31. Rc7 Rd8 32. Rg7+ Kf8 33. Rxa7
Qe8 34. Bg7+ Kg8 35. Qf1 Qe4 36. Rd4 Qe6 37. Qc4 Qxc4 38. Rxc4 h5 39. Bh6 Rf7
40. Rcc7 1-0

[Event "East Detroit (MCO/2/40)"]
[Site "?"]
[Date "1985.??.??"]
[Round "?"]
[White "Willis, F.."]
[Black "Nowicki, B.."]
[Result "1/2-1/2"]
[WhiteElo "1605"]
[BlackElo "1605"]
[PlyCount "120"]
[EventDate "1985.??.??"]

{2/(40)} 1. d4 d5 2. c4 Nf6 3. Nc3 e6 4. Bg5 Be7 5. Bxf6 Bxf6 6. cxd5 exd5 7.
e3 Be6 8. Bd3 c6 9. Qc2 g6 10. Nf3 Nd7 11. b4 Be7 12. Rb1 b5 13. h3 Rc8 14. O-O
O-O 15. Ne2 f5 16. a4 a6 17. axb5 cxb5 18. Qd2 Nb6 19. Qa2 Na4 20. Rfc1 Bf7 21.
Bc2 Be8 22. Bb3 Rxc1+ 23. Rxc1 Kg7 24. Nf4 Rf6 25. Bxd5 Qb6 26. Bb3 Rc6 27.
Ne6+ Kh6 28. Nc5 Nxc5 29. dxc5 Qa7 30. Nd4 Rf6 31. Qd2 Qa8 32. e4+ f4 33. e5
Rf8 34. Bd5 Qb8 35. Ne6 Rf5 36. g4 Rxe5 37. Qxf4+ g5 38. Qd2 Bd7 39. Re1 Bf6
40. c6 Bxe6 41. Bxe6 Rxe1+ 42. Qxe1 Qd6 43. Qe4 Bd8 44. Bg8 Qg6 45. Qe6 Qxe6
46. Bxe6 Bb6 47. Kg2 Kg7 48. Kf3 Kf6 49. Bc8 a5 50. bxa5 Bxa5 51. Ke4 Bb6 52.
Ba6 b4 53. Kd3 Ke6 54. Kc4 Kd6 55. f3 Kxc6 56. Kxb4 Kd6 57. Kc4 Ke5 58. Kd3 Kf4
59. Bb7 Kg3 60. Ke4 Kxh3 1/2-1/2

[Event "East Detroit (MCO/4/38)"]
[Site "?"]
[Date "1985.??.??"]
[Round "?"]
[White "Willis, F.."]
[Black "Klinkner, J.."]
[Result "0-1"]
[WhiteElo "1605"]
[BlackElo "1605"]
[PlyCount "98"]
[EventDate "1985.??.??"]

{4/(38)} 1. d4 d5 2. c4 e6 3. Nc3 Nf6 4. Bg5 Be7 5. Bxf6 Bxf6 6. cxd5 exd5 7.
e3 c6 8. Bd3 Be6 9. Qc2 h6 10. Nf3 Nd7 11. Rb1 Qe7 12. b4 a6 13. Na4 O-O 14.
O-O Qd6 15. a3 Bd8 16. Nd2 Bc7 17. f4 f5 18. Nc5 Nxc5 19. bxc5 Qe7 20. Rxb7 Bc8
21. Rbb1 Qxe3+ 22. Kh1 Bxf4 23. Rbd1 Qxd4 24. Nf3 Qf6 25. Qf2 Re8 26. Qd4 Be5
27. Nxe5 Rxe5 28. Qf4 g5 29. Qd4 f4 30. Rde1 Re6 31. Qxf6 Rxf6 32. Re7 Rf7 33.
Re8+ Kg7 34. Rfe1 Bb7 35. R8e7 Raf8 36. R1e6 Rxe7 37. Rxe7+ Rf7 38. Rxf7+ Kxf7
39. Kg1 Kf6 40. Kf2 Ke5 41. Kf3 Bc8 42. Ke2 Kd4 43. Kd2 Kxc5 44. Kc3 Kd6 45.
Kd4 c5+ 46. Kc3 a5 47. Bh7 Ke5 48. Bg6 Bf5 49. Be8 Be4 0-1

[Event "East Detroit (MCO/5/41)"]
[Site "?"]
[Date "1985.??.??"]
[Round "?"]
[White "Willis, F.."]
[Black "Golonka, Stan"]
[Result "1/2-1/2"]
[WhiteElo "1605"]
[BlackElo "1650"]
[PlyCount "115"]
[EventDate "1985.??.??"]

{5/(41)} 1. d4 d5 2. c4 e6 3. Nc3 Nf6 4. Bg5 c6 5. Nf3 Nbd7 6. Bxf6 Nxf6 7.
cxd5 exd5 8. Qc2 Qa5 9. Nd2 Be7 10. e3 O-O 11. Bd3 Re8 12. O-O Be6 13. a3 Qd8
14. b4 Bf8 15. Na4 g6 16. Rab1 Bg7 17. b5 cxb5 18. Rxb5 Rc8 19. Rc5 b6 20. Rc3
Rxc3 21. Qxc3 Qc8 22. Rc1 Qxc3 23. Rxc3 Rc8 24. Kf1 Bf8 25. Nb1 Bd6 26. g3 Bh3+
27. Kg1 Bd7 28. Rxc8+ Bxc8 29. Nac3 a6 30. a4 Bb7 31. f3 h5 32. e4 dxe4 33.
fxe4 Bb4 34. Na2 Bf8 35. d5 Bc5+ 36. Kg2 Nxd5 37. exd5 Bxd5+ 38. Kf1 Bxa2 39.
Nc3 Bb3 40. Bxa6 Be6 41. Bb7 Bh3+ 42. Bg2 Bd7 43. Nb5 Be6 44. Bc6 Bc4+ 45. Kg2
Kg7 46. Nc7 Kf8 47. Nd5 Kg7 48. Nc7 f6 49. Nb5 f5 50. Kf3 Kf6 51. h4 g5 52.
hxg5+ Kxg5 53. Nc3 Bd4 54. Nd5 Bd3 55. Nf4 Bc4 56. Nh3+ Kf6 57. Nf4 Kg5 58.
Nh3+ 1/2-1/2

[Event "East Detroit (MCO/6/32)"]
[Site "?"]
[Date "1985.??.??"]
[Round "?"]
[White "Williams, C.."]
[Black "Morneau, F.."]
[Result "0-1"]
[WhiteElo "1605"]
[BlackElo "1660"]
[PlyCount "36"]
[EventDate "1985.??.??"]

{6/(32)} 1. d4 Nf6 2. Nf3 c5 3. c3 cxd4 4. Nxd4 e5 5. Nf5 d5 6. Ng3 Nc6 7. Be3
Ng4 8. Qd2 f5 9. Bg5 Qb6 10. Be3 Nxe3 11. fxe3 Be6 12. e4 dxe4 13. Qc2 Bc5 14.
Nd2 Bf2+ 15. Kd1 O-O-O 16. Kc1 Be3 17. Kb1 Rxd2 18. Qa4 Qxb2# 0-1

[Event "East Detroit (MCO/4/44)"]
[Site "?"]
[Date "1985.??.??"]
[Round "?"]
[White "Williams, C.."]
[Black "Falkowski, Kenneth"]
[Result "1-0"]
[WhiteElo "1605"]
[BlackElo "1605"]
[PlyCount "75"]
[EventDate "1985.??.??"]

{4/(44)} 1. e4 c5 2. c3 Nf6 3. e5 Nd5 4. d4 cxd4 5. cxd4 e6 6. a3 d6 7. Nf3 a6
8. Bd3 Nc6 9. O-O h6 10. Re1 b5 11. Be4 Bb7 12. Bxd5 exd5 13. e6 f6 14. Nh4 Ne7
15. Qh5+ g6 16. Nxg6 Qa5 17. Nxh8+ Kd8 18. Nf7+ Kc7 19. b4 Qb6 20. Be3 Kb8 21.
Nd2 Ka7 22. Nb3 Bg7 23. Rac1 Rg8 24. Nxh6 Rh8 25. Qf7 Bxh6 26. Bxh6 Qd8 27.
Qxf6 Qe8 28. Rc7 Ng8 29. Qxh8 Qg6 30. Qg7 Qxg7 31. Bxg7 Kb6 32. Rec1 Ka7 33. e7
a5 34. Nxa5 Nxe7 35. Rxb7+ Ka8 36. Rxe7 Kb8 37. Nc6+ Ka8 38. Na7 1-0